00298nam a2200121Ia 4500008004100000100003000041245002000071260003200091300000900123650002000132942000700152999001700159190216s9999||||xx |||||||||||||| ||und|| aUnikrishnan Thiruvazhiode 0aNagachithrangal bPoorna Pubs Kozhikodec1983 a106p aMalayalam Novel cBK c27512d27512